MDQL
is popping MORE tags! Check the
thread
!
Quizzes
Events
Quiz Creation
Community
Videos
Private Events
Remove Ads
Sign In
Join for FREE
Feedback
Dark Mode
Quiz Categories
Sports
Geography
Music
Movies
Television
Just For Fun
Miscellaneous
History
Literature
Language
Science
Gaming
Entertainment
Religion
Holiday
For Kids
Quiz Lab
Recent
Popular Today
Quiz Kudos Today
Editor Picks
Curator Picks
Quizzes by...
Day
Popularity
Type
Ratings
Length
Year
Community
Subscriptions
Recent Discussions
Orange Saloon
Badges
Playlists
Quests
Create
Leaderboards
Showdown
Live 5
Trivia Bingo
Activity
Puzzle Library
Sporcle Events
Private Events
Virtual Trivia
Globe League
Become a Host
Pub Owners
SporcleCon
Opinionation
Our Games
Videos
Blog
Mobile Apps
Partnerships
Remove Ads and Go Orange
Feedback
Sports
Athletes
MLB
NBA
NHL
NFL
Soccer
Sports Teams
WWE
NCAA
Football
Premier League
Basketball
Baseball
Hockey
Golf
Tennis
Cricket
Rugby
Auto Racing
Olympics
World Cup
Sports
Athletes
MLB
NBA
NHL
NFL
Soccer
Sports Teams
WWE
NCAA
Football
Premier League
Basketball
Baseball
Hockey
Golf
Tennis
Cricket
Rugby
Auto Racing
Olympics
World Cup
Random Quiz
Search Sporcle
×
Quiz Lab
Quiz Lab
Sports
NBA
Type in answers that appear in a list
Type in answers that appear in a list
Classic
Best Score? Go Orange.
Players in Kobe Bryant's first and last games Stats
Can you name the players that participated in Kobe Bryant's first and last NBA games?
By
24Purple_N_Gold
7m
40 Questions
160 Plays
160 Plays
160 Plays
Comments
Comments
Give Quiz Kudos
Give Quiz Kudos
-
- Ratings
hide this ad
Replay
Link that replays current quiz
Next Quiz
Link to next quiz in quiz playlist
You Got
0%
They Got
Avg Score
34%
Avg Friend Score
Upgrade to see
Score Distribution
Jump to the score distribution portion of the page
Score
0/40
Timer
07:00
0
Plays Today
Team
Player
% Correct
1996-
1997 Minnesota Timberwolves (L 85-
91)
Kevin Garnett
86.9%
1996-
1997 LA Lakers (W 91-
85)
Kobe Bryant
85%
2015-
2016 LA Lakers (W 101-
96)
Kobe Bryant
85%
1996-
1997 LA Lakers (W 91-
85)
Shaquille O'Neal
84.4%
2015-
2016 Utah Jazz (L 96-
101)
Gordon Hayward
78.8%
2015-
2016 LA Lakers (W 101-
96)
D'Angelo Russell
74.4%
2015-
2016 LA Lakers (W 101-
96)
Jordan Clarkson
67.5%
2015-
2016 LA Lakers (W 101-
96)
Julius Randle
67.5%
1996-
1997 LA Lakers (W 91-
85)
Derek Fisher
55%
1996-
1997 LA Lakers (W 91-
85)
Nick Van Exel
52.5%
1996-
1997 LA Lakers (W 91-
85)
Eddie Jones
51.9%
2015-
2016 LA Lakers (W 101-
96)
Roy Hibbert
50%
2015-
2016 LA Lakers (W 101-
96)
Larry Nance Jr.
43.8%
2015-
2016 Utah Jazz (L 96-
101)
Rodney Hood
43.1%
2015-
2016 Utah Jazz (L 96-
101)
Chris Johnson
32.5%
1996-
1997 LA Lakers (W 91-
85)
Elden Campbell
31.3%
2015-
2016 LA Lakers (W 101-
96)
Tarik Black
28.8%
1996-
1997 LA Lakers (W 91-
85)
Byron Scott
27.5%
1996-
1997 Minnesota Timberwolves (L 85-
91)
Tom Gugliotta
25.6%
1996-
1997 LA Lakers (W 91-
85)
Cedric Ceballos
25.6%
Team
Player
% Correct
2015-
2016 Utah Jazz (L 96-
101)
Trevor Booker
23.8%
2015-
2016 Utah Jazz (L 96-
101)
Raul Neto
23.1%
2015-
2016 LA Lakers (W 101-
96)
Marcelo Huertas
23.1%
2015-
2016 Utah Jazz (L 96-
101)
Trey Lyles
21.9%
2015-
2016 Utah Jazz (L 96-
101)
Joe Ingles
21.9%
2015-
2016 Utah Jazz (L 96-
101)
Shelvin Mack
21.3%
1996-
1997 Minnesota Timberwolves (L 85-
91)
Sam Mitchell
17.5%
2015-
2016 LA Lakers (W 101-
96)
Ryan Kelly
16.9%
1996-
1997 LA Lakers (W 91-
85)
Travis Knight
15%
1996-
1997 Minnesota Timberwolves (L 85-
91)
James Robinson
13.1%
1996-
1997 Minnesota Timberwolves (L 85-
91)
Doug West
11.9%
1996-
1997 LA Lakers (W 91-
85)
Sean Rooks
11.9%
2015-
2016 Utah Jazz (L 96-
101)
Jeff Withey
11.9%
1996-
1997 Minnesota Timberwolves (L 85-
91)
Terry Porter
10%
1996-
1997 LA Lakers (W 91-
85)
Corie Blount
8.1%
1996-
1997 Minnesota Timberwolves (L 85-
91)
Dean Garrett
6.9%
1996-
1997 Minnesota Timberwolves (L 85-
91)
Cherookee Parks
6.3%
1996-
1997 Minnesota Timberwolves (L 85-
91)
Chris Carr
5.6%
1996-
1997 Minnesota Timberwolves (L 85-
91)
Shane Heal
4.4%
1996-
1997 Minnesota Timberwolves (L 85-
91)
Stojko Vrankovic
3.1%
Quiz Playlist
Details
Report
Send in Message
Add To Playlist
Classic:
Type in answers that appear in a list
Last Updated: Feb 16, 2017
Quiz Scoreboard
CHALLENGE
Sign Up to Join the Scoreboard
Show All
Scores
Hide
Comments
May contain spoilers
Recently Published
1-10 Letter E Words III
by El_Dandy
Language
2m
Street Fighter Characters
by Artimus82
Gaming
60s
College Basketball Coaching Resumes
by pancakes188
Sports
9m
More to Explore
Quiz From the Vault
Featured Blog Post
Where Did the Easter Bunny Come From?
hide this ad
You Might Also Like...
Tags
NBA Quiz
Kobe Bryant
Los Angeles Lakers
Minnesota Timberwolves
Utah Jazz
Today's Top Quizzes in Sports
Browse Sports
hide this ad
Today's Top Quizzes in NBA
Browse NBA
Top Contributed Quizzes in Sports
1
2022 World Cup Stars
2
Les meilleurs buteurs des matchs entre le PSG et l’OM
3
FIFA Club World Cup Champions
4
Les entraîneurs de l'OM et du PSG au 21e siècle
5
Criteria MLB: Left Handed Sluggers
6
2023 MLB Unique Player Accomplishments
7
AFC Teams Reveal (Wrong Answers Minefield)
8
Players with Multiple 50 Home Run Seasons
9
5-to-1: FBS Animal Nicknames
10
5-to-1: UK Sports Teams
Explore More
Trending Topics
Marvel
Crossword
Anime
Harry Potter
NBA
Kpop
Disney
Country
Soccer
NFL
Puzzle
Pokémon
WWE
The Office
Song
hide this ad
More By:
24Purple_N_Gold
Quiz
Plays
Rating
Category
Featured
Created
NBA 2017-2018 projected starters
838
4.00
Sports
Sep 6, 2017
NBA most used starting 5 lineup, LA Lakers
809
4.83
Sports
Oct 19, 2016
NBA Game 7 Leading Scorers
533
5.00
Sports
Jun 4, 2016
Kobe Bryant All-NBA/All Star Playoff Opponents
498
5.00
Sports
Jun 11, 2017
NBA Championship Teams Starters
454
2.83
Sports
Mar 8, 2014
Go to Creator's Profile
Score Distribution
Quiz Creator Spotlight
24Purple_N_Gold
Follow
Send a Message
Quizzes Created
-
Created Quiz Play Count
-
More By This Creator
Popular Quizzes Today
1
Find the US States - No Outlines Minefield
2
Find the Countries of Europe - No Outlines Minefield
3
The Countries of the World
4
Find the US States
5
Risky Map Clicking: Biggest States A-Z
6
US States
7
Popular People in 1961
8
Movies - When Are They Set?
More Sports Quizzes
Quick Pick: Super Bowl Play-by-Play Announcers
Quiz Lab
Trending Quizzes
Risky Map Clicking: Least Populous States A-Z
Billboard Blitz: Aretha Franklin
Famous Russians: Author or Composer?
1-10 Letter G Words
Countries of the World: 200 Million BC
Recently Updated
Leaping Animals
pecheneg
Reality TV Shows (A-Z)
bhenderson79
Rickey Henderson's Hall of Fame Teammates
pecheneg
Champions League XIs: Arsenal
pecheneg
Quick Pick: Celebrities in WWE's Hall of Fame
aduchscher
A-Z Keypad Blitz II
pecheneg
Multiple Oscar Actors
pecheneg
Mystery Phrase Blitz: Oscar 'Best Actors'
pecheneg
F. Scott Fitzgerald Novels
LTH
Pick 3 Villains
ddd62291
Trending Topics
Marvel
Kpop
Disney
NBA
Anime
Harry Potter
Crossword
Puzzle
The Office
Song
WWE
Pokémon
Country
NFL
Soccer
Your Account Isn't Verified!
In order to create a playlist on Sporcle, you need to verify the email address you used during registration. Go to your
Sporcle Settings
to finish the process.
Report this User
Report this user for behavior that violates our
Community Guidelines
.
Details:
Send Report
Go to the Sporcle.com Mobile Site →
Comments